Adobe analytics : (Record no. 197144)
[ view plain ]
| 000 -LEADER | |
|---|---|
| fixed length control field | 00766nam a2200241Ia 4500 |
| 003 - CONTROL NUMBER IDENTIFIER | |
| control field | OSt |
| 005 - DATE AND TIME OF LATEST TRANSACTION | |
| control field | 20260226164417.0 |
| 008 - FIXED-LENGTH DATA ELEMENTS--GENERAL INFORMATION | |
| fixed length control field | 210716s2019 xx 000 0 und d |
| 020 ## - INTERNATIONAL STANDARD BOOK NUMBER | |
| International Standard Book Number | 9788126504442 |
| 040 ## - CATALOGING SOURCE | |
| Transcribing agency | AIMIT LIBRARY |
| 041 ## - LANGUAGE CODE | |
| Language code of text/sound track or separate title | eng |
| 082 ## - DEWEY DECIMAL CLASSIFICATION NUMBER | |
| Classification number | 658.4038011 |
| Edition number | 1 |
| Item number | MATE |
| 100 ## - MAIN ENTRY--PERSONAL NAME | |
| Personal name | Matisoff, Eric. |
| 9 (RLIN) | 256869 |
| 245 ## - TITLE STATEMENT | |
| Title | Adobe analytics : |
| Remainder of title | for dummies / |
| Statement of responsibility, etc. | By Eric Matisoff and David Karlins. |
| 250 ## - EDITION STATEMENT | |
| Edition statement | 1st ed. |
| 260 ## - PUBLICATION, DISTRIBUTION, ETC. | |
| Place of publication, distribution, etc. | New Delhi : |
| Name of publisher, distributor, etc. | Wiley India Pvt Ltd , |
| Date of publication, distribution, etc. | 2019. |
| 300 ## - PHYSICAL DESCRIPTION | |
| Extent | xii,385 p.; |
| Other physical details | PB |
| Dimensions | 23.5 cm. |
| 650 ## - SUBJECT ADDED ENTRY--TOPICAL TERM | |
| Topical term or geographic name entry element | Analyzing data |
| 9 (RLIN) | 256870 |
| 650 ## - SUBJECT ADDED ENTRY--TOPICAL TERM | |
| Topical term or geographic name entry element | Massaging data for complex analysis |
| 9 (RLIN) | 256871 |
| 650 ## - SUBJECT ADDED ENTRY--TOPICAL TERM | |
| Topical term or geographic name entry element | Visualizing data to reveal nuggets |
| 9 (RLIN) | 256872 |
| 700 ## - ADDED ENTRY--PERSONAL NAME | |
| Personal name | Karlins, David. |
| 9 (RLIN) | 256873 |
| 942 ## - ADDED ENTRY ELEMENTS (KOHA) | |
| Source of classification or shelving scheme | Dewey Decimal Classification |
| Koha item type | Book |
| Edition | 1 |
| Call number prefix | 658.4038011 MATE |
| Withdrawn status | Lost status | Source of classification or shelving scheme | Damaged status | Not for loan | Collection code | Home library | Current library | Shelving location | Source of acquisition | Cost, normal purchase price | Inventory number | Total Checkouts | Full call number | Barcode | Date last seen | Cost, replacement price | Price effective from | Koha item type |
|---|---|---|---|---|---|---|---|---|---|---|---|---|---|---|---|---|---|---|
| Dewey Decimal Classification | MCA | St Aloysius Institute of Management & Information Technology | St Aloysius Institute of Management & Information Technology | Big Data Analytics | Knowledge World | 799.00 | Bill no:929; Bill dt:2020-03-16 | 658.4038011 MATE | MCA16659 | 07/21/2025 | 599.25 | 07/16/2021 | Book |